Posviacka kláštora redemptoristov

Podrobná bibliografia
Médium: Článok
Jazyk:slovenčina
Fyzický popis:Fotogr.
Predmet:

MARC

LEADER 00000nab a2200000 ar4500
001 vtls008828964
003 SK-MaSNL
005 20260303062841.0
008 060706c2005 xo wr|n|||||||000 b|slo
015 |a SLLK2005  |2 sllk 
038 |a SLLK 
040 |a SLLK  |b slo  |c sllk  |e AACR2 
041 0 |a slo 
044 |a xo  |c SK 
080 |a 726.7  |2 1997 
080 |a 271  |2 1997 
245 0 0 |a Posviacka kláštora redemptoristov  |c Foto (mv) ; text (eo) 
300 |b Fotogr. 
610 2 7 |a Kláštor Redemptoristov (Stará Ľubovňa, Slovensko)  |2 sllk  |9 1059206 
650 0 7 |a kláštory  |x Stará Ľubovňa (Slovensko)  |x posviacky  |2 snkbucl  |9 1059207 
651 7 |a Stará Ľubovňa (Slovensko)  |2 snkbucl  |9 19193 
773 0 |t Ľubovnianske noviny  |g Roč. XXXI, č. 34 (2005) s. 1 
852 |a SLLK  |b KIS3GCP 
999 |c 1740822  |d 1742752